| 000 | 00547cam a2200205 4500 | ||
|---|---|---|---|
| 008 | 020411n1991 000 0 eng u | ||
| 020 | _a0419155600 | ||
| 035 | _a(Sirsi) u117450 | ||
| 041 | _aeng. | ||
| 110 |
_aAssociation of Cost Engineers _91254 |
||
| 245 | _aEstimating checklist for capital projects | ||
| 250 | _a2nd ed. | ||
| 260 |
_aLondon _bSpon Press _c1991 |
||
| 300 |
_a133p. _c24cm. |
||
| 350 | _a60.00 | ||
| 650 | _aBUILT ENVIRONMENT-BUILDING COSTS | ||
| 650 | _aPROCESS PLANT | ||
| 690 | _aBUILT ENVIRONMENT | ||
| 942 | _n0 | ||
| 999 |
_c101987 _d101987 |
||